[Event "AUT-chT2O 1213"]
[Site "Austria"]
[Date "2013.04.07"]
[Round "11.6"]
[White "Bauer, Marie Christine"]
[Black "Steinert, Martin"]
[Result "0-1"]
[WhiteElo "1884"]
[BlackElo "2094"]
[PlyCount "92"]
[EventDate "2012.10.06"]
[EventType "team-tourn"]
[EventRounds "11"]
[EventCountry "AUT"]
[SourceTitle "EXT 2014"]
[Source "ChessBase"]
[SourceDate "2013.11.20"]
[SourceVersion "1"]
[SourceVersionDate "2013.11.20"]
[SourceQuality "1"]
[WhiteTeam "Purbach"]
[BlackTeam "Nickelsdorf"]
[WhiteTeamCountry "AUT"]
[BlackTeamCountry "AUT"]

1. e4 g6 2. d4 Bg7 3. Nc3 d6 4. Be3 Nc6 5. h4 h6 6. Qd2 e5 7. d5 Nce7 8. 0-0-0 f5 9. f4 fxe4 10. Nxe4 Nf5 11. Bf2 Nf6 12. Nxf6+ Qxf6 13. fxe5 dxe5 14. Bb5+ c6 15. dxc6 0-0 16. g4 Nd4 17. Bxd4 exd4 18. g5 Qe7 19. Bc4+ Kh7 20. cxb7 Bxb7 21. Rh3 h5 22. Re1 Qd6 23. Kb1 Rae8 24. Rxe8 Rxe8 25. a3 Be4 26. Ne2 Bf5 27. Rb3 Qh2 28. Ka2 Bg4 29. Rb7 Bxe2 30. Bxe2 Qxe2 31. Qxd4 Re7 32. Rxe7 Qxe7 33. Qc4 Qe5 34. c3 Qe7 35. a4 Be5 36. a5 Qc7 37. Qxc7+ Bxc7 38. a6 Kg7 39. b4 Kf7 40. c4 Ke6 41. Kb3 Bg3 42. b5 Bf2 43. Kb4 Kd6 44. Ka5 Kc5 45. b6 Be1+ 46. Ka4 Kxb6 0-1

[Event "AUT-ch (Women)"]
[Site "Vienna"]
[Date "2010.07.24"]
[Round "1"]
[White "Bauer, Marie Christine"]
[Black "Exler, Veronika"]
[Result "0-1"]
[WhiteElo "1854"]
[BlackElo "2143"]
[PlyCount "78"]
[EventDate "2010.07.24"]
[EventType "swiss"]
[EventRounds "9"]
[EventCountry "AUT"]
[SourceTitle "CBM 137 Extra"]
[Source "ChessBase"]
[SourceDate "2010.09.01"]
[SourceVersion "1"]
[SourceVersionDate "2010.09.01"]
[SourceQuality "1"]

1. e4 c6 2. d4 d5 3. Nc3 dxe4 4. Nxe4 Nd7 5. Ng5 Ngf6 6. Bd3 e6 7. Qe2 Bd6 8. N1f3 h6 9. Ne4 Nxe4 10. Qxe4 Qc7 11. Qg4 Kf8 12. 0-0 b6 13. b3 Bb7 14. Bb2 Nf6 15. Qh4 Nd5 16. Rfe1 Nf4 17. Rad1 g5 18. Nxg5 Be7 19. Nxe6+ fxe6 20. Qg3 Rg8 21. Qf3 Rxg2+ 22. Kf1 Bh4 23. Rd2 Ke7 24. d5 Rag8 25. Rxe6+ Nxe6 26. dxe6 Rg1+ 27. Ke2 Rf8 28. Bf5 Ba6+ 29. c4 Bc8 30. Qe4 Qxh2 31. Bd4 Rg2 32. Kd1 Bg5 33. Qxc6 Bxd2 34. Kxd2 Rxf2+ 35. Bxf2 Qxf2+ 36. Kc3 Qxf5 37. Qc7+ Kf6 38. e7 Re8 39. Qd6+ Kf7 0-1

[Event "AUT 4 Lands (Women)"]
[Site "Austria"]
[Date "2010.05.23"]
[Round "2.2"]
[White "Bauer, Marie Christine"]
[Black "Reder, Lisa"]
[Result "1-0"]
[WhiteElo "1872"]
[BlackElo "1822"]
[PlyCount "73"]
[EventDate "2010.05.22"]
[EventType "team-match"]
[EventRounds "3"]
[EventCountry "AUT"]
[SourceTitle "EXT 2011"]
[Source "ChessBase"]
[SourceDate "2010.11.26"]
[SourceVersion "1"]
[SourceVersionDate "2010.11.26"]
[SourceQuality "1"]

1. e4 e6 2. d4 d5 3. Nc3 Bb4 4. e5 c5 5. a3 Bxc3+ 6. bxc3 Qa5 7. Bd2 Qa4 8. Qg4 Kf8 9. Qd1 Nc6 10. Nf3 Nge7 11. Qb1 c4 12. Be2 Nf5 13. 0-0 h6 14. g4 Nfe7 15. Nh4 Qa5 16. Qe1 Qd8 17. f4 Ke8 18. f5 Kd7 19. Qg3 Qe8 20. a4 g6 21. fxe6+ fxe6 22. Rf6 g5 23. Ng2 Ng8 24. Rf2 Qg6 25. Ne3 Nce7 26. Raf1 b6 27. Qf3 Rh7 28. Bxc4 Rg7 29. Bd3 Qe8 30. Bb5+ Nc6 31. Nxd5 exd5 32. Qxd5+ Kc7 33. Qd6+ Kb7 34. d5 Bd7 35. dxc6+ Bxc6 36. Bxc6+ Qxc6 37. Rf7+ 1-0

[Event "AUT-ch U18 Girls"]
[Site "Velden"]
[Date "2010.03.31"]
[Round "6.1"]
[White "Bauer, Marie Christine"]
[Black "Landl, Margot"]
[Result "1/2-1/2"]
[WhiteElo "1872"]
[BlackElo "1757"]
[PlyCount "120"]
[EventDate "2010.03.28"]
[EventType "swiss"]
[EventRounds "7"]
[EventCountry "AUT"]
[SourceTitle "EXT 2024"]
[Source "ChessBase"]
[SourceDate "2023.10.10"]
[SourceVersion "1"]
[SourceVersionDate "2023.10.10"]
[SourceQuality "1"]

1. d4 Nf6 2. c4 e6 3. Nf3 b6 4. Nc3 Bb4 5. Qc2 Bb7 6. a3 Bxc3+ 7. Qxc3 0-0 8. b4 d6 9. Bb2 Ne4 10. Qc2 Nd7 11. Nd2 Nxd2 12. Qxd2 c5 13. dxc5 dxc5 14. Rd1 Nf6 15. Qg5 h6 16. Qe5 Qe7 17. bxc5 bxc5 18. h4 Rfd8 19. Rh3 Rxd1+ 20. Kxd1 Rd8+ 21. Rd3 Rxd3+ 22. exd3 Ne8 23. Qf4 f6 24. d4 cxd4 25. Qxd4 e5 26. Qe3 Qd7+ 27. Kc1 a6 28. f3 Nd6 29. Qd2 Qc6 30. Qd5+ Qxd5 31. cxd5 Bxd5 32. Bxa6 Kf7 33. Bc3 Nc4 34. a4 Ke8 35. a5 Nd6 36. Kd1 e4 37. Ke2 exf3+ 38. gxf3 Kd7 39. Kf2 h5 40. Bd3 Ke6 41. Bg6 Nf5 42. Bxh5 Nxh4 43. Kg3 Nf5+ 44. Kf4 g5+ 45. Kg4 Ne3+ 46. Kg3 Nf5+ 47. Kf2 Nd6 48. Bg4+ f5 49. Bh3 Bb7 50. Bf1 g4 51. Be2 Bd5 52. Bd4 gxf3 53. Bxf3 Bxf3 54. Kxf3 Kd7 55. Kf4 Kc6 56. a6 Kc7 57. Ke5 Nb5 58. Bc5 Kb8 59. Kxf5 Nc7 60. a7+ Ka8 1/2-1/2

[Event "AUT-ch U18 Girls"]
[Site "Velden"]
[Date "2010.03.30"]
[Round "4.2"]
[White "Bauer, Marie Christine"]
[Black "Wunderl, Eva"]
[Result "1-0"]
[WhiteElo "1872"]
[BlackElo "1807"]
[PlyCount "109"]
[EventDate "2010.03.28"]
[EventType "swiss"]
[EventRounds "7"]
[EventCountry "AUT"]
[SourceTitle "EXT 2024"]
[Source "ChessBase"]
[SourceDate "2023.10.10"]
[SourceVersion "1"]
[SourceVersionDate "2023.10.10"]
[SourceQuality "1"]

1. d4 d5 2. c4 Nc6 3. Nc3 dxc4 4. Nf3 Bg4 5. d5 Bxf3 6. gxf3 Ne5 7. f4 Nd7 8. e4 Nb6 9. Be3 e6 10. a4 exd5 11. a5 Nd7 12. Qxd5 Ngf6 13. Qxc4 b6 14. Qc6 Bc5 15. Bxc5 bxc5 16. 0-0-0 Qc8 17. e5 0-0 18. exf6 Nxf6 19. Qxc5 Qg4 20. Qg5 Qe6 21. Rg1 Ne8 22. Bd3 Qb3 23. Bc2 Qc4 24. Rde1 g6 25. Rg3 Rb8 26. Rh3 Qb4 27. Ree3 Qxb2+ 28. Kd2 Nd6 29. Qh6 Nc4+ 30. Ke1 Qc1+ 31. Bd1 Qd2+ 32. Kf1 Nxe3+ 33. fxe3 Rfd8 34. Qxh7+ Kf8 35. Qh8+ Ke7 36. Qe5+ Kd7 37. Bg4+ Kc6 38. Qe4+ Rd5 39. Qxd5+ Qxd5 40. Nxd5 Rb1+ 41. Ke2 Kxd5 42. Bc8 Ra1 43. a6 Kd6 44. Rh7 Ke7 45. Kd3 Rd1+ 46. Ke4 Rd6 47. Rh8 c5 48. Bb7 c4 49. Rc8 f5+ 50. Kf3 Rd2 51. Rxc4 Rxh2 52. Rc7+ Kf6 53. Bd5 g5 54. Rc6+ Kg7 55. fxg5 1-0

[Event "AUT-ch U18 Girls"]
[Site "Velden"]
[Date "2010.03.30"]
[Round "5.2"]
[White "De, Leon Angelica"]
[Black "Bauer, Marie Christine"]
[Result "0-1"]
[WhiteElo "1536"]
[BlackElo "1872"]
[PlyCount "98"]
[EventDate "2010.03.28"]
[EventType "swiss"]
[EventRounds "7"]
[EventCountry "AUT"]
[SourceTitle "EXT 2024"]
[Source "ChessBase"]
[SourceDate "2023.10.10"]
[SourceVersion "1"]
[SourceVersionDate "2023.10.10"]
[SourceQuality "1"]

1. e4 c5 2. Nf3 d6 3. d4 cxd4 4. Nxd4 Nf6 5. Nc3 a6 6. Be3 e5 7. Nf3 Be7 8. Bc4 Nbd7 9. Qd2 0-0 10. 0-0 Qc7 11. Bb3 b5 12. Nd5 Nxd5 13. Bxd5 Bb7 14. Bxb7 Qxb7 15. Qd3 Kh8 16. Nd2 Rac8 17. c3 Nc5 18. Qd5 Qxd5 19. exd5 Nd3 20. Rab1 f5 21. Nb3 Bd8 22. Rfd1 e4 23. f3 Ne5 24. fxe4 Nc4 25. Bf2 fxe4 26. Re1 a5 27. Nd4 Bb6 28. Be3 Nxe3 29. Rxe3 b4 30. Rxe4 bxc3 31. bxc3 Rxc3 32. Rf1 Kg8 33. Rxf8+ Kxf8 34. Kf1 Rd3 35. Ne6+ Kg8 36. Rf4 h6 37. Rf8+ Kh7 38. Rf7 Bd4 39. Rd7 Be5 40. Nf8+ Kg8 41. Ne6 Rxd5 42. Rd8+ Kf7 43. Nc7 Rd2 44. Rd7+ Kg6 45. a3 Bxh2 46. Ke1 Rxg2 47. Ne8 Bg3+ 48. Kf1 Rf2+ 49. Kg1 Rf7 0-1

[Event "Wch U16 Girls"]
[Site "Kemer"]
[Date "2009.11.22"]
[Round "11"]
[White "Bauer, Marie Christine"]
[Black "Chakvetadze, Dea"]
[Result "1-0"]
[WhiteElo "1888"]
[BlackElo "1696"]
[PlyCount "74"]
[EventDate "2009.11.12"]
[EventType "swiss"]
[EventRounds "11"]
[EventCountry "TUR"]
[SourceTitle "EXT 2010"]
[Source "ChessBase"]
[SourceDate "2010.11.25"]
[SourceVersion "1"]
[SourceVersionDate "2010.11.25"]
[SourceQuality "1"]

1. e4 c5 2. Nf3 d6 3. d4 cxd4 4. Nxd4 Nf6 5. Nc3 e6 6. g4 a6 7. g5 Nfd7 8. Be3 b5 9. a3 Bb7 10. Rg1 Nb6 11. Qg4 N8d7 12. f4 g6 13. 0-0-0 Rc8 14. Nxe6 fxe6 15. Qxe6+ Be7 16. Rxd6 Qc7 17. Rxb6 Nxb6 18. Qxb6 Qxb6 19. Bxb6 Rxc3 20. Bd4 Rxc2+ 21. Kxc2 Bxe4+ 22. Bd3 Bxd3+ 23. Kxd3 Rf8 24. Re1 Kd7 25. Rxe7+ Kxe7 26. Bc5+ Kf7 27. Bxf8 Kxf8 28. Ke4 Ke7 29. Ke5 Kd7 30. Kf6 a5 31. h4 a4 32. Kg7 Ke6 33. Kxh7 Kd5 34. Kxg6 Kc4 35. h5 Kb3 36. h6 Kxb2 37. h7 Kxa3 1-0

[Event "Wch U16 Girls"]
[Site "Kemer"]
[Date "2009.11.19"]
[Round "8"]
[White "Kagramanov, Dalia"]
[Black "Bauer, Marie Christine"]
[Result "1-0"]
[WhiteElo "1835"]
[BlackElo "1888"]
[PlyCount "97"]
[EventDate "2009.11.12"]
[EventType "swiss"]
[EventRounds "11"]
[EventCountry "TUR"]
[SourceTitle "EXT 2010"]
[Source "ChessBase"]
[SourceDate "2010.11.25"]
[SourceVersion "1"]
[SourceVersionDate "2010.11.25"]
[SourceQuality "1"]

1. c4 e5 2. Nc3 Nc6 3. g3 g6 4. Bg2 Bg7 5. Nf3 d6 6. 0-0 Nge7 7. d3 0-0 8. e3 Be6 9. Rb1 a5 10. a3 h6 11. Qc2 Kh7 12. b3 Qd7 13. Bb2 f5 14. Ne2 d5 15. d4 e4 16. Nd2 Rfc8 17. f3 exf3 18. Bxf3 Nd8 19. Nf4 Bg8 20. Qd3 c6 21. h3 Ne6 22. g4 Ng5 23. Be2 Rf8 24. h4 Ne4 25. Nxe4 fxe4 26. Qd1 Bf6 27. Qe1 g5 28. Nh5 Qe6 29. Nxf6+ Rxf6 30. Rxf6 Qxf6 31. h5 Rf8 32. Qg3 Qe6 33. a4 Nc8 34. Ba3 Rf7 35. cxd5 cxd5 36. Rc1 Na7 37. Bd6 Nc6 38. Rf1 Rxf1+ 39. Bxf1 Bf7 40. Be2 Be8 41. Bc7 Bd7 42. Qf2 Qe7 43. Bb6 Kg7 44. Bc5 Qe8 45. Qg3 Qc8 46. Qd6 Be6 47. Kg2 Kf7 48. Bb5 Qd7 49. Qf8# 1-0

[Event "Wch U16 Girls"]
[Site "Kemer"]
[Date "2009.11.16"]
[Round "5"]
[White "Bauer, Marie Christine"]
[Black "Neuhauser, Salome"]
[Result "1-0"]
[WhiteElo "1888"]
[BlackElo "2025"]
[PlyCount "34"]
[EventDate "2009.11.12"]
[EventType "swiss"]
[EventRounds "11"]
[EventCountry "TUR"]
[SourceTitle "EXT 2010"]
[Source "ChessBase"]
[SourceDate "2010.11.25"]
[SourceVersion "1"]
[SourceVersionDate "2010.11.25"]
[SourceQuality "1"]

1. e4 c5 2. Nf3 Nc6 3. d4 cxd4 4. Nxd4 g6 5. Nc3 Bg7 6. Be3 Nf6 7. Bc4 0-0 8. Bb3 a5 9. f3 d5 10. Bxd5 Nxd5 11. Nxd5 f5 12. Nxc6 bxc6 13. Nb6 Rb8 14. Qxd8 Rxd8 15. Nxc8 Rbxc8 16. exf5 gxf5 17. Ke2 Kf7 1-0

[Event "Wch U16 Girls"]
[Site "Kemer"]
[Date "2009.11.13"]
[Round "3"]
[White "Bauer, Marie Christine"]
[Black "Endress, Anna"]
[Result "1-0"]
[WhiteElo "1888"]
[BlackElo "2090"]
[PlyCount "57"]
[EventDate "2009.11.12"]
[EventType "swiss"]
[EventRounds "11"]
[EventCountry "TUR"]
[SourceTitle "EXT 2010"]
[Source "ChessBase"]
[SourceDate "2010.11.25"]
[SourceVersion "1"]
[SourceVersionDate "2010.11.25"]
[SourceQuality "1"]

1. e4 e5 2. f4 exf4 3. Bc4 Qh4+ 4. Kf1 d6 5. Nf3 Bg4 6. d4 g5 7. Nc3 Qh5 8. Nd5 Kd7 9. Be2 Bxf3 10. Bxf3 Qg6 11. h4 Ne7 12. hxg5 Nxd5 13. exd5 Qxg5 14. Rh5 Qg7 15. Bxf4 Be7 16. Qd3 Qg6 17. Qb5+ Kc8 18. Rh1 a6 19. Qa4 Rd8 20. c4 Qd3+ 21. Be2 Qxd4 22. Be3 Qg7 23. c5 dxc5 24. Bh6 Qd4 25. Qxd4 cxd4 26. Bg7 Re8 27. Bxd4 Nd7 28. Rxh7 f6 29. Bh5 1-0

[Event "Vienna op 16th"]
[Site "Vienna"]
[Date "2009.08.16"]
[Round "2"]
[White "Bauer, Marie Christine"]
[Black "Newrkla, Katharina"]
[Result "0-1"]
[WhiteElo "1910"]
[BlackElo "2078"]
[PlyCount "56"]
[EventDate "2009.08.15"]
[EventType "swiss"]
[EventRounds "9"]
[EventCountry "AUT"]
[SourceTitle "CBM 131 Extra"]
[Source "ChessBase"]
[SourceDate "2009.09.03"]
[SourceVersion "2"]
[SourceVersionDate "2009.09.16"]
[SourceQuality "1"]

1. e4 c5 2. Nf3 d6 3. d4 cxd4 4. Nxd4 Nf6 5. Nc3 a6 6. Be3 e5 7. Nb3 Be6 8. f3 Nbd7 9. Qd2 b5 10. 0-0-0 Rc8 11. Qf2 Rxc3 12. bxc3 Qc7 13. Kb2 d5 14. exd5 Nxd5 15. Qd2 Nxc3 16. Re1 Bb4 17. Qc1 Na4+ 18. Kb1 Nc3+ 19. Ka1 Nxa2 20. Kxa2 Bxe1 21. Kb1 Bb4 22. Bd3 Nf6 23. Bd2 Bxd2 24. Qxd2 0-0 25. h4 Nd5 26. g3 Rc8 27. h5 Nc3+ 28. Kb2 Bxb3 0-1

[Event "EU-chT U18 Girls 9th"]
[Site "Pardubice"]
[Date "2009.07.22"]
[Round "7"]
[White "Sasmazel, Burcu"]
[Black "Bauer, Marie Christine"]
[Result "1-0"]
[WhiteElo "1877"]
[BlackElo "1910"]
[PlyCount "39"]
[EventDate "2009.07.16"]
[EventType "team-swiss"]
[EventRounds "7"]
[EventCountry "CZE"]
[SourceTitle "EXT 2020"]
[Source "ChessBase"]
[SourceDate "2019.10.17"]
[SourceVersion "1"]
[SourceVersionDate "2019.10.17"]
[SourceQuality "1"]
[WhiteTeam "Turkey U18 (W)"]
[BlackTeam "Austria U18 (W)"]
[WhiteTeamCountry "TUN"]
[BlackTeamCountry "AUT"]

1. e4 c5 2. Nf3 d6 3. d4 cxd4 4. Qxd4 Nc6 5. Bb5 Bd7 6. Bxc6 bxc6 7. c4 Qb6 8. Qd3 e6 9. Nc3 Be7 10. 0-0 Rd8 11. b3 Bc8 12. Be3 Qb7 13. Rad1 Nf6 14. h3 d5 15. cxd5 exd5 16. exd5 Nxd5 17. Bd4 0-0 18. Ne4 Nf6 19. Ng3 g5 20. Qc3 1-0

[Event "Mitropa Cup (Women)"]
[Site "Rogaska Slatina"]
[Date "2009.05.11"]
[Round "3"]
[White "Nicoara, Malina"]
[Black "Bauer, Marie Christine"]
[Result "1-0"]
[WhiteElo "2167"]
[BlackElo "1871"]
[PlyCount "52"]
[EventDate "2009.05.09"]
[EventType "team-tourn"]
[EventRounds "7"]
[EventCountry "SLO"]
[SourceTitle "CBM 130 Extra"]
[Source "ChessBase"]
[SourceDate "2009.07.02"]
[SourceVersion "2"]
[SourceVersionDate "2009.07.15"]
[SourceQuality "1"]
[WhiteTeam "France (W)"]
[BlackTeam "Austria (W)"]
[WhiteTeamCountry "FRA"]
[BlackTeamCountry "AUT"]

1. d4 Nf6 2. c4 c5 3. d5 e6 4. Nc3 exd5 5. cxd5 d6 6. e4 g6 7. f4 Bg7 8. Nf3 Nbd7 9. Be2 0-0 10. 0-0 Re8 11. Nd2 a6 12. a4 Qc7 13. Kh1 Rb8 14. e5 dxe5 15. Nc4 e4 16. f5 Ra8 17. fxg6 hxg6 18. Bf4 Qd8 19. Qb3 Nh5 20. Bxh5 gxh5 21. Nd6 Rf8 22. Ncxe4 Ne5 23. Bg5 Qc7 24. Bf6 Qd7 25. Nf5 Bh8 26. Qe3 Ng6 1-0

[Event "EU-ch U16 Girls 18th"]
[Site "Herceg Novi"]
[Date "2008.09.24"]
[Round "9"]
[White "Messina, Roberta"]
[Black "Bauer, Marie Christine"]
[Result "1-0"]
[WhiteElo "1904"]
[BlackElo "1707"]
[PlyCount "85"]
[EventDate "2008.09.15"]
[EventType "swiss"]
[EventRounds "9"]
[EventCountry "MNE"]
[SourceTitle "CBM 126 Extra"]
[Source "ChessBase"]
[SourceDate "2008.11.05"]
[SourceVersion "1"]
[SourceVersionDate "2008.11.05"]
[SourceQuality "1"]

1. e4 c5 2. Nc3 Nc6 3. f4 g6 4. Nf3 Bg7 5. Bc4 e6 6. 0-0 Nge7 7. Qe1 0-0 8. e5 d6 9. exd6 Qxd6 10. Ne4 Qc7 11. d3 Nf5 12. Bb3 Ncd4 13. Rb1 b5 14. Qf2 Bb7 15. c3 Nxf3+ 16. Qxf3 c4 17. Bc2 Rfd8 18. d4 Nh4 19. Qh3 Qc6 20. Qxh4 f5 21. Re1 Rab8 22. Qg5 fxe4 23. Bxe4 Qd7 24. Bxb7 Rxb7 25. Bd2 b4 26. Re4 bxc3 27. Bxc3 Rb5 28. Qg4 Rf8 29. Rbe1 Rbf5 30. g3 Rd5 31. Rd1 Rd8 32. Qe2 Qa4 33. Rxe6 Qd7 34. Re4 a5 35. Qxc4 Rc8 36. Qe2 a4 37. a3 Rd8 38. Re7 Qf5 39. Re8+ Rxe8 40. Qxe8+ Bf8 41. Qxa4 Qg4 42. Re1 Rh5 43. Qc4+ 1-0

[Event "AUT-ch (Women)"]
[Site "Leoben"]
[Date "2008.07.25"]
[Round "7"]
[White "Bauer, Marie Christine"]
[Black "Ragger, Anna Christina"]
[Result "1/2-1/2"]
[WhiteElo "1707"]
[BlackElo "2273"]
[PlyCount "45"]
[EventDate "2008.07.19"]
[EventType "swiss"]
[EventRounds "9"]
[EventCountry "AUT"]
[SourceTitle "CBM 125 Extra"]
[Source "ChessBase"]
[SourceDate "2008.09.01"]
[SourceVersion "1"]
[SourceVersionDate "2008.09.01"]
[SourceQuality "1"]

1. e4 c5 2. Nf3 e6 3. d4 cxd4 4. Nxd4 Nc6 5. Nc3 Nf6 6. Ndb5 d6 7. Bf4 e5 8. Bg5 a6 9. Na3 b5 10. Bxf6 gxf6 11. Nd5 Bg7 12. Bd3 Ne7 13. Nxe7 Qxe7 14. c3 0-0 15. 0-0 f5 16. Nc2 Rb8 17. Qh5 fxe4 18. Bxe4 f5 19. Bd5+ Kh8 20. Nb4 Qc7 21. a4 Bb7 22. axb5 axb5 23. Ra7 1/2-1/2

[Event "AUT-ch (Women)"]
[Site "Leoben"]
[Date "2008.07.22"]
[Round "4"]
[White "Bauer, Marie Christine"]
[Black "Novkovic, Julia"]
[Result "0-1"]
[WhiteElo "1707"]
[BlackElo "2128"]
[PlyCount "40"]
[EventDate "2008.07.19"]
[EventType "swiss"]
[EventRounds "9"]
[EventCountry "AUT"]
[SourceTitle "CBM 125 Extra"]
[Source "ChessBase"]
[SourceDate "2008.09.01"]
[SourceVersion "1"]
[SourceVersionDate "2008.09.01"]
[SourceQuality "1"]

1. f4 c5 2. Nf3 Nc6 3. e3 Nf6 4. d4 e6 5. c4 d5 6. Nc3 cxd4 7. exd4 Be7 8. c5 Ne4 9. Qd3 f5 10. Rb1 a5 11. a3 0-0 12. Na4 Bd7 13. b3 Na7 14. Nb6 Bb5 15. Qe3 Rb8 16. Bxb5 Nxb5 17. a4 Nxd4 18. Nxd4 Bxc5 19. Nxe6 Bxe3 20. Nxd8 Bxb6 0-1

[Event "AUT-ch (Women)"]
[Site "Leoben"]
[Date "2008.07.19"]
[Round "1"]
[White "Schink, Barbara"]
[Black "Bauer, Marie Christine"]
[Result "1/2-1/2"]
[WhiteElo "2046"]
[BlackElo "1707"]
[PlyCount "41"]
[EventDate "2008.07.19"]
[EventType "swiss"]
[EventRounds "9"]
[EventCountry "AUT"]
[SourceTitle "CBM 125 Extra"]
[Source "ChessBase"]
[SourceDate "2008.09.01"]
[SourceVersion "1"]
[SourceVersionDate "2008.09.01"]
[SourceQuality "1"]

1. e4 c5 2. Nf3 Nc6 3. d4 cxd4 4. Nxd4 g6 5. Nc3 Bg7 6. Be3 Nf6 7. f3 0-0 8. Bc4 Qb6 9. Qd2 Nxe4 10. Nxc6 Qxc6 11. Nxe4 Qxc4 12. c3 Rd8 13. b3 Qc6 14. Rc1 d5 15. 0-0 b6 16. Ng3 Ba6 17. Rfe1 Qd6 18. Ne2 e5 19. f4 f6 20. Kh1 Rac8 21. Ng1 1/2-1/2